Statistics for Name That Avatar Character

Click here to take the quiz!

General Stats

  • This quiz has been taken 5,096 times
    (5,095 since last reset)
  • The average score is 18 of 24

Answer Stats

HintAnswer% Correct
The AvatarAvatar Aang
99%
The Avatar's love interestKatara
98%
Was scarred by his fatherPrince Zuko
97%
The blind inventor of metalbendingToph Beifong
96%
Warrior who wields a boomerang, club, and later a swordSokka
95%
Psychotic princess who wields blue firePrincess Azula
90%
The FirelordFirelord Ozai
87%
Giant Flying BisonAppa
86%
Dragon of the WestIroh
85%
Flying LemurMomo
84%
The girl who sighs a lotMai
81%
King of OmashuKing Bumi
80%
Leader of the Freedom FightersJet
78%
Leader of the Kyoshi WarriorsSuki
75%
Flexible, cheerful chi blockerTy Lee
71%
The Avatar before the current oneAvatar Roku
69%
She turns into the MoonPrincess Yue
69%
Started the invasion with a cometFirelord Sozin
56%
Great waterbending master of the Northern Water TribeMaster Pakku
55%
Fire Nation Admiral with prominent sideburnsAdmiral Zhao
54%
Chief of the Southern Water TribeHakoda
45%
Wife of the FirelordFirelady Ursa
44%
Formerly the last earthbender of his small villageHaru
44%
Leader of the Dai LiLong Feng
41%

Score Distribution

Percentile by Number Answered

Percent of People with Each Score

Your Score History

You have not taken this quiz since the last reset